000 00620nam a22001697a 4500
008 140829b xxu||||| |||| 00| 0 eng d
020 _a8430928170
082 _a194
_bL991m
100 _aLyotard, Jean-Francois.
_91418
245 _aMoralidades posmodernas
_cJean-Francois Lyotard
260 _aMadrid
_bEditorial Tecnos, S.A
_c1998
300 _a180 p
_bill. col.
_c22 cm
505 _tMoralidades posmodernas. Verborreras. Fantasías del sistema. Encubrimientos. Criptas.
650 _aPosmodernidad
_xFilosofia Francesa moderna
_91422
655 _aFilosofia del arte
_91423
700 _aJean-Francois Lyotard
_91421
999 _c304
_d304